000 00492nam a22001697a 4500
005 20170126105835.0
008 170126b xxu||||| |||| 00| 0 eng d
020 _a9780702051401
040 _cPK-LaUMT
082 _a616.0756
_bCLI-
245 _aClinical biochemistry :
_bmetabolic and clinical aspects /
_cedited by William J. Marshall . . . [et al.]
250 _a3rd ed.
260 _aEdinburgh :
_bElsevier,
_c2014
300 _a932 p.
650 _aClinical biochemistry
942 _cBK
999 _c90512
_d90512